| 000 | 00474nam a22001697a 4500 | ||
|---|---|---|---|
| 003 | NUST - PNEC | ||
| 005 | 20170116180755.0 | ||
| 008 | 150401b xxu||||| |||| 00| 0 eng d | ||
| 040 | _cLIBRARY | ||
| 082 | _a297.22 WAH | ||
| 100 |
_92009 _aWaheed U Zaman |
||
| 245 |
_aTayseer-ul-Bari Sahi Bukhari Vol-1 _cHazrat Alama Waheed U Zaman |
||
| 260 |
_aLahore : _bNomani Kutab Khana, _cc1990. |
||
| 300 |
_a804 p. : _c24 cm. |
||
| 650 |
_92010 _aIslam, Hadees |
||
| 942 |
_2ddc _cBK |
||
| 999 |
_c62705 _d62705 |
||